| 000 | 00675nam a22001577a 4500 | ||
|---|---|---|---|
| 003 | macl | ||
| 005 | 20231105125737.0 | ||
| 008 | 231105b |||||||| |||| 00| 0 eng d | ||
| 040 | _cmacl | ||
| 082 | _a954 | ||
| 100 |
_aसंजय गुप्ता _978668 |
||
| 245 |
_aमध्य प्रदेश लोक सेवा आयोग मुख्य परीक्षा दर्पण मध्यकालीन भारत का इतिहास _b(प्रश्न पत्र 1 खंड अ इकाई 2) |
||
| 260 |
_bनिर्माण IAS _c2020 _aग्वालियर |
||
| 650 | _aइतिहास | ||
| 942 |
_2ddc _cHIN |
||
| 999 |
_c66320 _d66320 |
||